01711nam a2200385 a 4500003000500000005001700005008004100022010001000063011001100073020001500084035001100099040000900110082001800119111013600137245009200273260008000365300004900445590004100494590004100535590004100576590004200617650002900659650002400688650003600712650002600748700004400774700005100818901000700869942001000876949007300886949006800959999001701027952014301044952013801187CHAP20241010124426.0100924s2004 mx a r 10000 spa d a99321 a100293 a9680200574 a110979 cCHAP14a630.2515bC762 aCongreso Nacional de Fenología Agrícola y Modelos de Simulación Aplicados a la Agricultura (d2004:cChapingo, Méx.)92696010aMemoria de resúmenesc/editado por Ramón Arteaga Ramírez y M. A. Vázquez Peña aChapingo, Méx. :bUACH. Departamentos de Fitotecnia e Irrigación,c2004 a[200 p.] ;bilus., cuadros, gráfs., tablas aBATCH-UPDb10c20130110lUCH01h1011 aBATCH-UPDb10c20130410lUCH01h0619 aBATCH-UPDb10c20130914lUCH01h0413 aCONVERSIONb10c20130109lUCH01h135514aCultivos y clima.93039214aFenología.94004314aModelos de simulación.97641514aTecnología.91119370 aArteaga Ramírez, Ramóne, ed.977251 aVázquez Peña, Mario Albertoe, ed.9120466 aBK cLIBRO a630.2515 C76bBCcCONGd33724002217934eCONGfc.2h113586i110979sb a630.2515 C76bBCcUACHd33724002217975eUACHh113537i110979sb c99321d99321 00102ddc4051708CONGaBCbBCcPA_CONGd2019-12-31fLIBROl0o630.2515 C76p33724002217934r2019-12-31 00:00:00tc.2w2019-12-31yLIBRO 00104053708UACHaBCbBCcPA_UACHd2019-12-31fLIBROi127l0o630.2515 C76p33724002217975r2019-12-31 00:00:00w2019-12-31yLIBRO